[Event "Esbjerg Efterår 2019"]
[Site "?"]
[Date "2019.10.20"]
[Round "7.1"]
[White "Sørensen, Per Smidt"]
[Black "Kristiansen, Jens"]
[Result "0-1"]
[BlackElo "2411"]
[WhiteElo "2035"]
[LiveChessVersion "1.4.8"]

1. Nf3 {[%clk 1:30:09]} g6 {[%clk 1:30:37]} 2. g3 {[%clk 1:27:48]} Bg7
{[%clk 1:30:57]} 3. Bg2 {[%clk 1:28:15]} f5 {[%clk 1:30:49]} 4. d4
{[%clk 1:28:27]} Nf6 {[%clk 1:31:08]} 5. O-O {[%clk 1:28:52]} O-O
{[%clk 1:31:32]} 6. c4 {[%clk 1:28:15]} d6 {[%clk 1:31:47]} 7. Nc3
{[%clk 1:25:39]} e6 {[%clk 1:31:55]} 8. Qc2 {[%clk 1:24:14]} Nc6 {[%clk 1:31:41]}
9. b3 {[%clk 1:21:44]} Qe7 {[%clk 1:27:41]} 10. Bb2 {[%clk 1:16:54]} a5
{[%clk 1:20:07]} 11. Rad1 {[%clk 1:12:21]} Nb4 {[%clk 1:14:24]} 12. Qb1
{[%clk 1:08:34]} e5 {[%clk 1:10:35]} 13. a3 {[%clk 0:50:53]} Na6 {[%clk 1:08:53]}
14. Qc2 {[%clk 0:45:56]} e4 {[%clk 1:08:29]} 15. Ne1 {[%clk 0:43:56]} c6
{[%clk 1:07:26]} 16. f4 {[%clk 0:40:14]} d5 {[%clk 1:06:22]} 17. c5
{[%clk 0:39:19]} Ng4 {[%clk 0:53:59]} 18. Bc1 {[%clk 0:32:12]} Nxc5
{[%clk 0:46:41]} 19. h3 {[%clk 0:29:15]} Nh6 {[%clk 0:45:16]} 20. Nxd5
{[%clk 0:15:52]} cxd5 {[%clk 0:45:22]} 21. dxc5 {[%clk 0:16:20]} d4
{[%clk 0:42:48]} 22. e3 {[%clk 0:15:13]} d3 {[%clk 0:42:40]} 23. Nxd3
{[%clk 0:15:36]} exd3 {[%clk 0:43:03]} 24. Rxd3 {[%clk 0:16:04]} Be6
{[%clk 0:42:31]} 25. Rfd1 {[%clk 0:15:00]} Nf7 {[%clk 0:41:36]} 26. a4
{[%clk 0:13:41]} Rfd8 {[%clk 0:40:35]} 27. Ba3 {[%clk 0:13:48]} Rxd3
{[%clk 0:39:40]} 28. Rxd3 {[%clk 0:14:18]} Rc8 {[%clk 0:36:26]} 29. Qd2
{[%clk 0:14:03]} Qc7 {[%clk 0:33:23]} 30. b4 {[%clk 0:13:27]} axb4
{[%clk 0:31:56]} 31. Qxb4 {[%clk 0:13:33]} Rd8 {[%clk 0:32:04]} 32. Qd2
{[%clk 0:05:50]} Rxd3 {[%clk 0:29:04]} 33. Qxd3 {[%clk 0:06:17]} Qd8
{[%clk 0:24:07]} 34. Qb5 {[%clk 0:06:28]} Qd1+ {[%clk 0:24:19]} 35. Kh2
{[%clk 0:06:45]} Bd7 {[%clk 0:18:30]} 36. Qxb7 {[%clk 0:05:23]} Qxa4
{[%clk 0:18:40]} 37. Bd5 {[%clk 0:04:45]} Qc2+ {[%clk 0:14:45]} 38. Kh1
{[%clk 0:03:03]} Qd1+ {[%clk 0:14:31]} 39. Kh2 {[%clk 0:03:14]} Qd2+
{[%clk 0:14:14]} 40. Kh1 {[%clk 0:03:30]} Be8 {[%clk 0:13:18]} 41. Qa8
{[%clk 0:01:49]} Bf8 {[%clk 0:12:01]} 42. Be6 {[%clk 0:00:52]} Qd1+
{[%clk 0:04:58]} 43. Kh2 {[%clk 0:01:17]} Qc2+ {[%clk 0:05:13]} 44. Kg1
{[%clk 0:01:36]} Qb1+ {[%clk 0:04:15]} 45. Kh2 {[%clk 0:01:49]} Qb5
{[%clk 0:04:12]} 46. Bd5 {[%clk 0:00:59]} Kg7 {[%clk 0:03:49]} 47. Qa7
{[%clk 0:00:47]} 0-1

[Event "Esbjerg Efterår 2019"]
[Site "?"]
[Date "2019.10.20"]
[Round "7.2"]
[White "Carlstedt, Jonathan"]
[Black "Pedersen, Nicolai Vesterbæk"]
[Result "1-0"]
[BlackElo "2403"]
[WhiteElo "2442"]
[LiveChessVersion "1.4.8"]

1. d4 {[%clk 1:30:32]} d5 {[%clk 1:29:45]} 2. Bf4 {[%clk 1:28:49]} c5
{[%clk 1:29:34]} 3. e3 {[%clk 1:28:53]} Nc6 {[%clk 1:29:12]} 4. c3
{[%clk 1:29:11]} Bf5 {[%clk 1:27:39]} 5. Nd2 {[%clk 1:28:50]} e6 {[%clk 1:25:48]}
6. Ngf3 {[%clk 1:25:09]} a6 {[%clk 1:13:55]} 7. Qb3 {[%clk 1:19:44]} b5
{[%clk 1:05:28]} 8. dxc5 {[%clk 1:19:43]} Bxc5 {[%clk 0:58:38]} 9. Nd4
{[%clk 1:17:47]} Bxd4 {[%clk 0:53:29]} 10. exd4 {[%clk 1:14:36]} Nge7
{[%clk 0:48:21]} 11. Be2 {[%clk 1:13:51]} O-O {[%clk 0:46:28]} 12. O-O
{[%clk 1:10:20]} b4 {[%clk 0:40:13]} 13. Rfc1 {[%clk 1:01:07]} Bg6
{[%clk 0:36:24]} 14. Qa4 {[%clk 0:57:55]} bxc3 {[%clk 0:34:56]} 15. Rxc3
{[%clk 0:55:43]} Qb6 {[%clk 0:32:49]} 16. Nb3 {[%clk 0:55:48]} Rfc8
{[%clk 0:30:26]} 17. Rac1 {[%clk 0:54:09]} f6 {[%clk 0:30:27]} 18. Bg4
{[%clk 0:50:17]} Bf7 {[%clk 0:25:52]} 19. Bd6 {[%clk 0:49:02]} h5
{[%clk 0:24:20]} 20. Bf3 {[%clk 0:43:27]} Qb7 {[%clk 0:19:09]} 21. Ba3
{[%clk 0:31:12]} Be8 {[%clk 0:16:57]} 22. Nc5 {[%clk 0:30:37]} Qb5
{[%clk 0:16:22]} 23. Qd1 {[%clk 0:30:46]} Nb4 {[%clk 0:13:15]} 24. Nxe6
{[%clk 0:28:16]} Nxa2 {[%clk 0:09:54]} 25. Rxc8 {[%clk 0:28:34]} Rxc8
{[%clk 0:08:50]} 26. Rxc8 {[%clk 0:28:48]} Nxc8 {[%clk 0:09:15]} 27. Nc7
{[%clk 0:29:05]} Qd7 {[%clk 0:09:18]} 28. Nxe8 {[%clk 0:28:58]} 1-0

[Event "Esbjerg Efterår 2019"]
[Site "?"]
[Date "2019.10.20"]
[Round "7.3"]
[White "Lindestrøm, Torsten"]
[Black "Nielsen, Jens Ove Fries"]
[Result "0-1"]
[BlackElo "2368"]
[WhiteElo "2097"]
[LiveChessVersion "1.4.8"]

1. d4 {[%clk 1:30:57]} c5 {[%clk 1:29:04]} 2. d5 {[%clk 1:31:23]} g6
{[%clk 1:28:42]} 3. e4 {[%clk 1:31:15]} Bg7 {[%clk 1:28:55]} 4. c4
{[%clk 1:30:10]} d6 {[%clk 1:29:14]} 5. Nc3 {[%clk 1:30:27]} e6 {[%clk 1:28:17]}
6. Nf3 {[%clk 1:29:54]} Ne7 {[%clk 1:20:43]} 7. Bg5 {[%clk 1:21:59]} h6
{[%clk 1:20:47]} 8. Be3 {[%clk 1:21:43]} e5 {[%clk 1:19:01]} 9. Qd2
{[%clk 1:21:14]} f5 {[%clk 1:18:28]} 10. g3 {[%clk 1:21:24]} Nd7 {[%clk 1:16:49]}
11. Bd3 {[%clk 1:18:15]} Nf6 {[%clk 1:16:51]} 12. Qc2 {[%clk 1:02:21]} O-O
{[%clk 1:13:56]} 13. Nh4 {[%clk 0:57:05]} Ng4 {[%clk 1:08:50]} 14. h3
{[%clk 0:44:35]} Nxe3 {[%clk 1:06:51]} 15. fxe3 {[%clk 0:44:56]} f4
{[%clk 0:59:08]} 16. Qf2 {[%clk 0:39:29]} fxe3 {[%clk 0:50:32]} 17. Qxe3
{[%clk 0:39:44]} a6 {[%clk 0:50:33]} 18. Ke2 {[%clk 0:34:05]} Bd7
{[%clk 0:50:02]} 19. Nf3 {[%clk 0:30:50]} Qc8 {[%clk 0:48:57]} 20. Ng1
{[%clk 0:24:42]} b5 {[%clk 0:48:23]} 21. b3 {[%clk 0:20:35]} b4 {[%clk 0:47:45]}
22. Nd1 {[%clk 0:19:51]} Nf5 23. exf5 {[%clk 0:18:33]} e4 {[%clk 0:44:56]} 24.
Bc2 {[%clk 0:07:33]} Bxa1 {[%clk 0:44:41]} 25. Qxh6 {[%clk 0:06:17]} Bg7
{[%clk 0:40:28]} 26. Qxg6 {[%clk 0:06:11]} Rf6 {[%clk 0:39:44]} 27. Qg5
{[%clk 0:05:38]} Rxf5 {[%clk 0:39:45]} 28. Qh4 {[%clk 0:04:49]} Qf8
{[%clk 0:37:27]} 29. Bxe4 {[%clk 0:01:26]} Re8 {[%clk 0:37:52]} 30. Ne3
{[%clk 0:01:46]} Rf2+ {[%clk 0:37:03]} 31. Kd3 {[%clk 0:01:09]} Bh6
{[%clk 0:32:35]} 32. Nf3 {[%clk 0:00:33]} Qxf3 0-1

[Event "Esbjerg Efterår 2019"]
[Site "?"]
[Date "2019.10.20"]
[Round "7.4"]
[White "Boe, Mads"]
[Black "Berg, Klaus"]
[Result "1/2-1/2"]
[BlackElo "2256"]
[WhiteElo "2284"]
[LiveChessVersion "1.4.8"]

1. d4 {[%clk 1:30:56]} Nf6 {[%clk 1:27:13]} 2. c4 {[%clk 1:31:19]} g6
{[%clk 1:27:11]} 3. Nc3 {[%clk 1:31:40]} d5 {[%clk 1:27:36]} 4. cxd5
{[%clk 1:32:02]} Nxd5 {[%clk 1:28:00]} 5. e4 {[%clk 1:32:23]} Nxc3
{[%clk 1:28:22]} 6. bxc3 {[%clk 1:32:47]} Bg7 {[%clk 1:28:46]} 7. Nf3
{[%clk 1:33:11]} c5 {[%clk 1:29:05]} 8. Rb1 {[%clk 1:33:34]} O-O {[%clk 1:29:14]}
9. Be2 {[%clk 1:33:45]} cxd4 {[%clk 1:29:40]} 10. cxd4 {[%clk 1:33:54]} Qa5+
{[%clk 1:30:03]} 11. Qd2 {[%clk 1:34:05]} Qxd2+ {[%clk 1:30:24]} 12. Bxd2
{[%clk 1:34:27]} b6 {[%clk 1:30:46]} 1/2-1/2

[Event "Esbjerg Efterår 2019"]
[Site "?"]
[Date "2019.10.20"]
[Round "7.5"]
[White "Brorson, Jacob Abildlund"]
[Black "Heinemann, Guido"]
[Result "1-0"]
[BlackElo "1811"]
[WhiteElo "2132"]
[LiveChessVersion "1.4.8"]

1. e4 {[%clk 1:28:46]} e5 {[%clk 1:30:55]} 2. Nf3 {[%clk 1:29:03]} Nc6
{[%clk 1:31:21]} 3. Bb5 {[%clk 1:29:19]} a6 {[%clk 1:31:44]} 4. Ba4
{[%clk 1:29:43]} Nf6 {[%clk 1:32:10]} 5. O-O {[%clk 1:29:22]} b5 {[%clk 1:32:28]}
6. Bb3 {[%clk 1:29:46]} Bb7 {[%clk 1:32:57]} 7. Re1 {[%clk 1:29:02]} Bc5
{[%clk 1:33:20]} 8. c3 {[%clk 1:27:37]} Ng4 {[%clk 1:33:15]} 9. d4
{[%clk 1:23:21]} exd4 {[%clk 1:33:41]} 10. h3 {[%clk 1:21:51]} h5
{[%clk 1:31:52]} 11. cxd4 {[%clk 1:17:40]} Nxf2 {[%clk 1:23:03]} 12. Kxf2
{[%clk 1:11:47]} Nxd4 {[%clk 1:22:27]} 13. Be3 {[%clk 1:10:42]} Nxf3
{[%clk 1:20:38]} 14. Qxf3 {[%clk 1:10:08]} Qe7 {[%clk 1:18:27]} 15. Nc3
{[%clk 1:09:36]} O-O-O {[%clk 1:18:14]} 16. Kg1 {[%clk 1:08:18]} f5
{[%clk 1:14:48]} 17. Bd5 {[%clk 1:05:56]} c6 {[%clk 1:13:07]} 18. Bb3
{[%clk 1:02:05]} Bxe3+ {[%clk 1:09:28]} 19. Qxe3 {[%clk 1:01:46]} Rde8
{[%clk 1:09:25]} 20. Rac1 {[%clk 0:59:17]} Qe5 {[%clk 1:01:48]} 21. Qb6
{[%clk 0:56:09]} Kb8 {[%clk 0:58:38]} 22. Red1 {[%clk 0:54:36]} fxe4
{[%clk 0:55:46]} 23. Rxd7 {[%clk 0:53:36]} 1-0

[Event "Esbjerg Efterår 2019"]
[Site "?"]
[Date "2019.10.20"]
[Round "7.6"]
[White "Jensen, Henrik Tranberg"]
[Black "Hansen, Lars"]
[Result "0-1"]
[BlackElo "2214"]
[WhiteElo "1985"]
[LiveChessVersion "1.4.8"]

1. d4 {[%clk 1:30:30]} e6 {[%clk 1:28:42]} 2. c4 {[%clk 1:31:22]} b6
{[%clk 1:29:08]} 3. e4 {[%clk 1:31:28]} Bb7 {[%clk 1:29:26]} 4. Bd3
{[%clk 1:31:08]} Bb4+ {[%clk 1:29:50]} 5. Bd2 {[%clk 1:31:13]} Bxd2+
{[%clk 1:30:09]} 6. Qxd2 {[%clk 1:31:09]} f5 {[%clk 1:30:28]} 7. Nc3
{[%clk 1:31:21]} Nf6 {[%clk 1:30:43]} 8. f3 {[%clk 1:31:16]} Nc6 {[%clk 1:21:57]}
9. Nge2 {[%clk 1:28:02]} fxe4 {[%clk 1:22:06]} 10. fxe4 {[%clk 1:28:27]} O-O
{[%clk 1:22:29]} 11. O-O {[%clk 1:28:44]} e5 {[%clk 1:22:56]} 12. d5
{[%clk 1:28:19]} Ne7 {[%clk 1:23:20]} 13. Ng3 {[%clk 1:21:10]} d6
{[%clk 1:22:33]} 14. Nce2 {[%clk 1:16:57]} Bc8 {[%clk 1:22:33]} 15. h3
{[%clk 1:13:54]} Qe8 {[%clk 1:15:54]} 16. Kh2 {[%clk 1:03:30]} Bd7
{[%clk 1:15:29]} 17. Qe3 {[%clk 1:02:53]} Qg6 {[%clk 1:08:28]} 18. Nf5
{[%clk 1:02:33]} Bxf5 {[%clk 0:54:49]} 19. exf5 {[%clk 1:02:51]} Qh5
{[%clk 0:55:08]} 20. Kg1 {[%clk 0:57:03]} Qh4 {[%clk 0:48:51]} 21. Rf2
{[%clk 0:52:09]} b5 {[%clk 0:42:37]} 22. Rc1 {[%clk 0:39:33]} bxc4
{[%clk 0:42:06]} 23. Rxc4 {[%clk 0:33:04]} Nexd5 {[%clk 0:42:06]} 24. Qf3
{[%clk 0:32:46]} Qg5 {[%clk 0:41:04]} 25. Be4 {[%clk 0:29:41]} Nxe4
{[%clk 0:38:55]} 26. Qxe4 {[%clk 0:30:09]} Nf6 {[%clk 0:37:34]} 27. Qc6
{[%clk 0:29:14]} Qe3 {[%clk 0:31:09]} 28. Rc3 {[%clk 0:26:57]} Qb6
{[%clk 0:19:28]} 29. Ng3 {[%clk 0:27:14]} Rac8 {[%clk 0:13:34]} 30. Ne4
{[%clk 0:26:09]} Qxc6 {[%clk 0:13:49]} 31. Nxf6+ {[%clk 0:26:37]} Rxf6
{[%clk 0:14:10]} 32. Rxc6 {[%clk 0:26:48]} d5 33. Rfc2 {[%clk 0:26:46]} Rxf5
{[%clk 0:12:20]} 34. R2c5 {[%clk 0:23:04]} e4 {[%clk 0:11:31]} 35. g4
{[%clk 0:23:20]} Re5 {[%clk 0:11:30]} 36. Rxc7 {[%clk 0:21:33]} Rxc7
{[%clk 0:11:53]} 37. Rxc7 {[%clk 0:22:01]} d4 {[%clk 0:10:55]} 38. Rxa7
{[%clk 0:15:29]} Rd5 {[%clk 0:09:50]} 39. Kf1 {[%clk 0:11:47]} Kf8
{[%clk 0:10:11]} 40. Ra8+ {[%clk 0:10:54]} Ke7 {[%clk 0:10:24]} 41. Ra7+
{[%clk 0:11:23]} Ke6 {[%clk 0:09:54]} 42. Ra8 {[%clk 0:09:55]} Ke5
{[%clk 0:09:21]} 43. Ke1 {[%clk 0:04:42]} e3 {[%clk 0:06:38]} 44. b4
{[%clk 0:01:18]} Ke4 {[%clk 0:05:54]} 45. Re8+ {[%clk 0:01:34]} Kd3
{[%clk 0:05:58]} 46. a4 {[%clk 0:01:55]} Rd7 {[%clk 0:03:01]} 47. b5
{[%clk 0:01:14]} Ra7 {[%clk 0:01:55]} 0-1

[Event "Esbjerg Efterår 2019"]
[Site "?"]
[Date "2019.10.20"]
[Round "7.7"]
[White "Bønnelykke, Ole"]
[Black "Pedersen, Lars Wilton"]
[Result "1/2-1/2"]
[BlackElo "2065"]
[WhiteElo "2009"]
[LiveChessVersion "1.4.8"]

1. e4 {[%clk 1:30:57]} c5 {[%clk 1:30:52]} 2. Nc3 {[%clk 1:31:21]} Nc6
{[%clk 1:31:15]} 3. g3 {[%clk 1:31:45]} g6 {[%clk 1:31:37]} 4. Bg2
{[%clk 1:32:09]} Bg7 {[%clk 1:31:59]} 5. d3 {[%clk 1:32:33]} d6 {[%clk 1:32:12]}
6. Be3 {[%clk 1:32:54]} e6 {[%clk 1:32:24]} 7. Qd2 {[%clk 1:33:16]} Nge7
{[%clk 1:31:09]} 8. Bh6 {[%clk 1:33:26]} Bxh6 {[%clk 1:30:50]} 9. Qxh6 Ng8 10.
Qg7 {[%clk 1:32:57]} Qf6 {[%clk 1:30:50]} 11. Qh6 1/2-1/2

[Event "Esbjerg Efterår 2019"]
[Site "?"]
[Date "2019.10.20"]
[Round "7.8"]
[White "Ehrenreich, Simon"]
[Black "Rossen, Claus"]
[Result "0-1"]
[BlackElo "2146"]
[WhiteElo "1848"]
[LiveChessVersion "1.4.8"]

1. d4 {[%clk 1:30:57]} g6 {[%clk 1:30:56]} 2. c4 {[%clk 1:31:20]} Nf6
{[%clk 1:31:22]} 3. Nc3 {[%clk 1:31:37]} d5 {[%clk 1:31:48]} 4. cxd5
{[%clk 1:31:54]} Nxd5 {[%clk 1:32:15]} 5. e4 {[%clk 1:32:14]} Nxc3
{[%clk 1:32:41]} 6. bxc3 {[%clk 1:32:37]} Bg7 {[%clk 1:33:10]} 7. Bc4
{[%clk 1:32:01]} c5 {[%clk 1:33:32]} 8. Be3 {[%clk 1:28:57]} O-O {[%clk 1:33:51]}
9. Ne2 {[%clk 1:28:01]} Nc6 {[%clk 1:34:14]} 10. O-O {[%clk 1:27:37]} Bd7
{[%clk 1:34:34]} 11. Qd2 {[%clk 1:24:57]} Na5 {[%clk 1:33:42]} 12. Bd3
{[%clk 1:24:53]} Rc8 {[%clk 1:30:04]} 13. Bh6 {[%clk 1:16:23]} cxd4
{[%clk 1:29:01]} 14. Bxg7 {[%clk 1:16:19]} Kxg7 {[%clk 1:29:26]} 15. cxd4
{[%clk 1:16:25]} Nc4 {[%clk 1:29:04]} 16. Qb4 {[%clk 1:16:22]} b5
{[%clk 1:28:29]} 17. Rfc1 {[%clk 1:10:42]} a5 {[%clk 1:22:26]} 18. Qb3
{[%clk 1:09:56]} Nd2 {[%clk 1:09:27]} 19. Qd1 {[%clk 1:08:46]} Nc4
{[%clk 1:09:23]} 20. Qb3 {[%clk 1:08:29]} Nd6 {[%clk 1:03:38]} 21. e5
{[%clk 1:08:00]} Nf5 {[%clk 1:03:57]} 22. Rxc8 {[%clk 1:07:09]} Bxc8
{[%clk 1:02:11]} 23. Bxb5 {[%clk 0:58:20]} Nxd4 {[%clk 1:02:01]} 24. Nxd4
{[%clk 0:54:17]} Qxd4 {[%clk 1:02:23]} 25. Re1 {[%clk 0:51:18]} Be6
{[%clk 1:01:57]} 26. Qe3 {[%clk 0:35:25]} Qxe3 {[%clk 0:56:13]} 27. Rxe3
{[%clk 0:35:40]} Rc8 {[%clk 0:56:36]} 28. h3 {[%clk 0:34:20]} Rc1+
{[%clk 0:56:04]} 29. Kh2 {[%clk 0:33:11]} Rc2 {[%clk 0:56:28]} 30. a4
{[%clk 0:32:21]} Rxf2 {[%clk 0:56:38]} 31. Re2 {[%clk 0:31:41]} Rf4
{[%clk 0:46:59]} 32. Rb2 {[%clk 0:27:55]} Re4 {[%clk 0:39:48]} 33. Re2
{[%clk 0:27:11]} Rb4 {[%clk 0:37:19]} 34. Rf2 {[%clk 0:26:34]} h5
{[%clk 0:37:20]} 35. Rc2 {[%clk 0:24:36]} Bd5 {[%clk 0:32:50]} 36. Rd2
{[%clk 0:24:27]} e6 {[%clk 0:32:33]} 37. Rf2 {[%clk 0:24:31]} Kf8
{[%clk 0:25:46]} 38. g3 {[%clk 0:20:15]} Rb1 {[%clk 0:24:31]} 39. g4
{[%clk 0:18:17]} h4 {[%clk 0:24:47]} 40. Bf1 {[%clk 0:17:26]} Re1
{[%clk 0:24:41]} 41. Bg2 {[%clk 0:16:59]} Rxe5 {[%clk 0:24:30]} 42. Bxd5
{[%clk 0:16:52]} Rxd5 {[%clk 0:24:55]} 43. Rc2 {[%clk 0:16:51]} Rd4
{[%clk 0:25:14]} 44. Ra2 {[%clk 0:17:14]} Ke7 {[%clk 0:25:19]} 45. Kg2
{[%clk 0:17:39]} f5 {[%clk 0:25:07]} 46. gxf5 {[%clk 0:17:47]} gxf5
{[%clk 0:25:33]} 47. Ra3 {[%clk 0:18:01]} e5 {[%clk 0:25:45]} 48. Kf3
{[%clk 0:18:01]} Rd3+ {[%clk 0:24:34]} 49. Rxd3 {[%clk 0:18:12]} e4+
{[%clk 0:25:01]} 50. Ke3 {[%clk 0:18:36]} exd3 {[%clk 0:25:23]} 51. Kxd3
{[%clk 0:19:03]} Kf6 {[%clk 0:25:42]} 52. Ke3 {[%clk 0:18:47]} Ke5
{[%clk 0:26:05]} 53. Kf3 {[%clk 0:19:14]} f4 {[%clk 0:26:29]} 54. Kf2
{[%clk 0:19:39]} Ke4 {[%clk 0:26:55]} 55. Ke2 {[%clk 0:19:40]} f3+
{[%clk 0:27:03]} 56. Kf2 {[%clk 0:20:06]} Kf4 {[%clk 0:27:28]} 57. Kf1
{[%clk 0:20:31]} Kg3 {[%clk 0:27:54]} 58. Kg1 {[%clk 0:20:53]} Kxh3
{[%clk 0:28:19]} 59. Kf2 {[%clk 0:21:20]} Kg4 {[%clk 0:28:45]} 60. Kf1
{[%clk 0:21:37]} h3 {[%clk 0:28:59]} 61. Kg1 {[%clk 0:22:01]} Kg5
{[%clk 0:29:07]} 0-1

[Event "Esbjerg Efterår 2019"]
[Site "?"]
[Date "2019.10.20"]
[Round "7.9"]
[White "Easwaralingam, Adesh"]
[Black "Larsen, Allan Oksenbøl"]
[Result "1-0"]
[BlackElo "1894"]
[WhiteElo "2082"]
[LiveChessVersion "1.4.8"]

1. Nf3 {[%clk 1:30:52]} Nf6 {[%clk 1:30:38]} 2. c4 {[%clk 1:30:26]} b6
{[%clk 1:30:52]} 3. Nc3 {[%clk 1:30:09]} Bb7 {[%clk 1:30:57]} 4. d4
{[%clk 1:29:15]} e6 {[%clk 1:30:56]} 5. a3 {[%clk 1:26:42]} d6 {[%clk 1:29:40]}
6. Qc2 {[%clk 1:25:12]} Nbd7 {[%clk 1:29:20]} 7. e4 {[%clk 1:24:12]} h6
{[%clk 1:21:01]} 8. Be2 {[%clk 1:18:22]} c5 {[%clk 1:19:45]} 9. Be3
{[%clk 1:17:30]} cxd4 {[%clk 1:13:49]} 10. Nxd4 {[%clk 1:12:25]} Nc5
{[%clk 1:10:41]} 11. Bf3 {[%clk 1:09:41]} Rc8 {[%clk 1:03:22]} 12. Rd1
{[%clk 1:06:21]} Ncd7 {[%clk 1:00:43]} 13. Qa4 {[%clk 0:52:50]} Be7
{[%clk 0:58:04]} 14. e5 {[%clk 0:47:47]} Bxf3 {[%clk 0:50:12]} 15. Nxf3
{[%clk 0:45:08]} Ng4 {[%clk 0:46:42]} 16. exd6 {[%clk 0:44:46]} Bf6
{[%clk 0:46:59]} 17. Bd4 {[%clk 0:41:23]} O-O {[%clk 0:46:56]} 18. Bxf6
{[%clk 0:40:34]} Ngxf6 {[%clk 0:45:39]} 19. O-O {[%clk 0:38:54]} a5
{[%clk 0:45:51]} 20. Rfe1 {[%clk 0:37:18]} Rc5 {[%clk 0:45:56]} 21. Ne4
{[%clk 0:31:44]} Nxe4 {[%clk 0:44:06]} 22. Rxe4 {[%clk 0:32:09]} Nf6
{[%clk 0:44:05]} 23. Re2 {[%clk 0:32:22]} Qa8 {[%clk 0:43:30]} 24. Ne5
{[%clk 0:31:24]} Ne4 {[%clk 0:43:24]} 25. Nd7 {[%clk 0:29:13]} Rg5
{[%clk 0:42:45]} 26. f4 {[%clk 0:29:36]} 1-0

[Event "Esbjerg Efterår 2019"]
[Site "?"]
[Date "2019.10.20"]
[Round "7.11"]
[White "Rozenfeld, Michael Tranberg"]
[Black "Sørensen, Carsten Klint"]
[Result "1/2-1/2"]
[BlackElo "1666"]
[WhiteElo "1882"]
[LiveChessVersion "1.4.8"]

1. d4 {[%clk 1:30:54]} e6 {[%clk 1:30:32]} 2. c4 {[%clk 1:31:03]} f5
{[%clk 1:30:54]} 3. Nf3 {[%clk 1:30:54]} Nf6 {[%clk 1:31:10]} 4. g3
{[%clk 1:30:27]} Be7 {[%clk 1:31:16]} 5. Bg2 {[%clk 1:30:50]} O-O
{[%clk 1:31:37]} 6. O-O {[%clk 1:31:00]} d6 {[%clk 1:31:52]} 7. Nc3
{[%clk 1:31:05]} a5 {[%clk 1:31:37]} 8. Bg5 {[%clk 1:23:40]} Nbd7
{[%clk 1:26:56]} 9. Qc2 {[%clk 1:23:10]} Qe8 {[%clk 1:23:58]} 10. d5
{[%clk 1:12:32]} Nc5 {[%clk 1:17:55]} 11. Nd4 {[%clk 0:58:27]} e5
{[%clk 1:14:36]} 12. Nb3 {[%clk 0:56:27]} Nxb3 {[%clk 1:06:19]} 13. axb3
{[%clk 0:56:05]} Qh5 {[%clk 1:00:18]} 14. Bxf6 {[%clk 0:49:00]} Rxf6
{[%clk 0:59:32]} 15. Bf3 {[%clk 0:46:33]} Qh3 {[%clk 0:59:20]} 16. Bg2
{[%clk 0:46:51]} Qh5 1/2-1/2

[Event "Esbjerg Efterår 2019"]
[Site "?"]
[Date "2019.10.20"]
[Round "7.12"]
[White "Horslund, Mikael"]
[Black "Husum, Lars"]
[Result "0-1"]
[BlackElo "1847"]
[WhiteElo "1731"]
[LiveChessVersion "1.4.8"]

1. e4 {[%clk 1:30:54]} e5 {[%clk 1:30:44]} 2. Nf3 {[%clk 1:31:15]} Nf6
{[%clk 1:30:55]} 3. Bd3 {[%clk 1:30:57]} d5 {[%clk 1:23:02]} 4. Nc3
{[%clk 1:19:58]} dxe4 {[%clk 1:18:48]} 5. Bxe4 {[%clk 1:19:57]} Nxe4
{[%clk 1:19:02]} 6. Nxe4 {[%clk 1:20:23]} Bg4 {[%clk 1:15:19]} 7. h3
{[%clk 1:20:25]} Bh5 {[%clk 1:15:44]} 8. g4 {[%clk 1:20:36]} Bg6 {[%clk 1:16:08]}
9. Ng3 {[%clk 1:19:31]} Qd5 {[%clk 1:13:28]} 10. O-O {[%clk 1:19:08]} Nc6
{[%clk 1:13:20]} 11. d3 {[%clk 1:15:21]} O-O-O {[%clk 1:13:39]} 12. Re1
{[%clk 1:14:02]} f6 {[%clk 1:08:57]} 13. Be3 {[%clk 1:13:40]} h5 {[%clk 1:08:45]}
14. Nh4 {[%clk 1:11:32]} Bf7 {[%clk 1:02:43]} 15. g5 {[%clk 1:09:19]} Qd7
{[%clk 0:58:27]} 16. Kg2 {[%clk 1:03:36]} Be6 {[%clk 0:55:56]} 17. Rh1
{[%clk 1:02:43]} f5 {[%clk 0:53:31]} 18. Ng6 {[%clk 1:01:44]} Rh7
{[%clk 0:48:11]} 19. Nxf8 {[%clk 1:01:17]} Rxf8 {[%clk 0:48:33]} 20. Bc5
{[%clk 1:01:30]} Qd5+ {[%clk 0:48:15]} 0-1